The roster of international arbitrators / (Record no. 64029)
[ view plain ]
| 000 -LEADER | |
|---|---|
| fixed length control field | 01190cam a2200325 i 4500 |
| 003 - CONTROL NUMBER IDENTIFIER | |
| control field | EG-GICUC |
| 005 - DATE AND TIME OF LATEST TRANSACTION | |
| control field | 20260223095408.0 |
| 008 - FIXED-LENGTH DATA ELEMENTS--GENERAL INFORMATION | |
| fixed length control field | 260223m19979999nyu frb 000 0 eng d |
| 040 ## - CATALOGING SOURCE | |
| Original cataloging agency | EG-GICUC |
| Transcribing agency | EG-GICUC |
| Modifying agency | EG-GICUC |
| Language of cataloging | eng |
| Description conventions | rda |
| 082 04 - DEWEY DECIMAL CLASSIFICATION NUMBER | |
| Edition number | 21 |
| Classification number | 347.224 |
| 092 04 - LOCALLY ASSIGNED DEWEY CALL NUMBER (OCLC) | |
| Edition number | 21 |
| 099 ## - LOCAL FREE-TEXT CALL NUMBER (OCLC) | |
| Classification number | Law 12 1997 |
| 100 1# - MAIN ENTRY--PERSONAL NAME | |
| Personal name | Smit, Hans. |
| 245 14 - TITLE STATEMENT | |
| Title | The roster of international arbitrators / |
| Statement of responsibility, etc. | H. Smit, V. Pechota. |
| 264 ## - PRODUCTION, PUBLICATION, DISTRIBUTION, MANUFACTURE, AND COPYRIGHT NOTICE | |
| Place of production, publication, distribution, manufacture | [Yonkers, N.Y.] : |
| Name of producer, publisher, distributor, manufacturer | Juris Pub. ; |
| Place of production, publication, distribution, manufacture | [London] : |
| Name of producer, publisher, distributor, manufacturer | Sweet & Maxwell, |
| Date of production, publication, distribution, manufacture, or copyright notice | 1998- |
| 300 ## - PHYSICAL DESCRIPTION | |
| Extent | xxiii, 1147 pages (loose-leaf) ; |
| Dimensions | 26 cm. |
| 336 ## - CONTENT TYPE | |
| Content type term | text |
| Source | rdacontent |
| 337 ## - MEDIA TYPE | |
| Media type term | Computer |
| Source | rdamedia |
| 338 ## - CARRIER TYPE | |
| Carrier type term | Online Resource |
| Source | rdacarrier |
| 490 1# - SERIES STATEMENT | |
| Series statement | Parker school guidees to international arbitration. |
| 650 #0 - SUBJECT ADDED ENTRY--TOPICAL TERM | |
| Topical term or geographic name entry element | Arbitration and award. |
| 650 #0 - SUBJECT ADDED ENTRY--TOPICAL TERM | |
| Topical term or geographic name entry element | International commercial arbitration. |
| 700 1# - ADDED ENTRY--PERSONAL NAME | |
| Personal name | Pěchota, Vratislav, |
| Relator term | joint author. |
| 710 ## - ADDED ENTRY--CORPORATE NAME | |
| Corporate name or jurisdiction name as entry element | Parker school of foreign and comparative law. |
| 710 ## - ADDED ENTRY--CORPORATE NAME | |
| Corporate name or jurisdiction name as entry element | Columbia University. |
| 785 00 - SUCCEEDING ENTRY | |
| Title | National arbitration laws. |
| Edition | 2nd ed. |
| International Standard Book Number | 9781929446827 |
| Record control number | (DLC) 2010217905 |
| -- | (OCoLC)608102154 |
| 856 40 - ELECTRONIC LOCATION AND ACCESS | |
| Uniform Resource Identifier | <a href="https://fll.law.cu.edu.eg/fulltext/bks/ENGB12-00007.pdf">https://fll.law.cu.edu.eg/fulltext/bks/ENGB12-00007.pdf</a> |
| 905 ## - Cataloger and Reviser Names | |
| Cataloger Name: | Hend El khosy |
| 942 ## - ADDED ENTRY ELEMENTS (KOHA) | |
| Source of classification or shelving scheme | Dewey Decimal Classification |
| Koha item type | Books |
| Edition | 21 |
| Suppress in OPAC | No |
| Withdrawn status | Lost status | Source of classification or shelving scheme | Damaged status | Not for loan | Collection | Home library | Current library | Date acquired | Total checkouts | Full call number | Barcode | Date last seen | Copy number | Price effective from | Koha item type | Public note |
|---|---|---|---|---|---|---|---|---|---|---|---|---|---|---|---|---|
| Dewey Decimal Classification | القانون الدولي الخاص | جــــامعة القــاهرة | مكتبة كلية الحقوق - فـرع الشيخ زايد | 23.02.2026 | Law2 12 347.224 SM . R 1997 1200007 C1 | ENGB12-00007 | 23.02.2026 | 1 | 23.02.2026 | Books | 342 | |||||
| Dewey Decimal Classification | القانون الدولي الخاص | جــــامعة القــاهرة | مكتبة كلية الحقوق - فـرع الشيخ زايد | 23.02.2026 | Law2 12 347.224 SM . R 1997 1200008 C2 | ENGB12-00008 | 23.02.2026 | 2 | 23.02.2026 | Books | 1721 |